000 00363nam a2200133Ia 4500
100 _aZaks/Rodnay
942 _cBK
654 _aAn Introduction To Microprocessors : From Chips To Systems
245 _aAn Introduction To Microprocessors : From Chips To Systems
260 _bB.P.B.Publications
_aNew Delhi
082 _a4.1
300 _a552
546 _aENGLISH
999 _c28031
_d28031